States with the Most 7 Brew Coffee Locations Quiz - Statistics

General Stats
  • This quiz has been taken 24 times
    8 since last reset
  • The average score is 5 of 10
Answer Stats
# State % Correct
43 Florida
83%
89 Texas
83%
44 Arkansas
67%
40 Missouri
67%
31 Alabama
50%
29 Tennessee
50%
26 Oklahoma
33%
22 Illinois
17%
26 Indiana
17%
27 Kentucky
17%
No matching quizzes found
Score Distribution
Percent of People with Each Score
Percentile by Number Answered
Your Score History
You have not taken this quiz since the last reset